500 cheeses : (Record no. 10244)

MARC details
000 -LEADER
fixed length control field 00670nam a22002057a 4500
003 - CONTROL NUMBER IDENTIFIER
control field OSt
005 - DATE AND TIME OF LATEST TRANSACTION
control field 20260505041253.0
008 - FIXED-LENGTH DATA ELEMENTS--GENERAL INFORMATION
fixed length control field 260505b |||||||| |||| 00| 0 eng d
020 ## - INTERNATIONAL STANDARD BOOK NUMBER
International Standard Book Number 9781416207863
040 ## - CATALOGING SOURCE
Original cataloging agency DWCL Main Lib.
Transcribing agency OC
082 ## - DEWEY DECIMAL CLASSIFICATION NUMBER
Classification number Circ. 637.352 M953f 2010
100 ## - MAIN ENTRY--PERSONAL NAME
Personal name Muir, Roberta
Relator term Author
245 ## - TITLE STATEMENT
Title 500 cheeses :
Remainder of title the only cheese compendium you'll ever need /
Statement of responsibility, etc. Roberta Muir
260 ## - PUBLICATION, DISTRIBUTION, ETC.
Place of publication, distribution, etc. South Portland, Maine :
Name of publisher, distributor, etc. Sellers Publishing,
Date of publication, distribution, etc. c2010.
300 ## - PHYSICAL DESCRIPTION
Extent 288 pages :
Other physical details colored illustrations ;
Dimensions 16cm.
490 ## - SERIES STATEMENT
Series statement 500 Series Cookbooks
504 ## - BIBLIOGRAPHY, ETC. NOTE
Bibliography, etc. note Includes index and picture credits.
650 ## - SUBJECT ADDED ENTRY--TOPICAL TERM
Topical term or geographic name entry element 1. Cheeses.
942 ## - ADDED ENTRY ELEMENTS (KOHA)
Source of classification or shelving scheme Dewey Decimal Classification
Koha item type Book Circulation
Suppress in OPAC No
952 ## - LOCATION AND ITEM INFORMATION (KOHA)
--
Holdings
Withdrawn status Lost status Source of classification or shelving scheme Damaged status Not for loan Home library Current library Shelving location Date acquired Source of acquisition Cost, normal purchase price Total Checkouts Full call number Barcode Date last seen Copy number Price effective from Koha item type Uniform Resource Identifier
    Dewey Decimal Classification     Junior High School Library Junior High School Library Audiovisual 09/19/2016 Library Fund 395.00   Circ. 637.352 M953f 2010 JHS - 19056 05/05/2026 c1 05/05/2026 BK-CIRC